Score 0/30 Timer 06:00
0 Plays Today
% Correct
Things Fall Apart
58.3%
Crime and Punishment
41.7%
Oliver Twist
33.3%
The Great Gatsby
33.3%
War and Peace
33.3%
The Magic Mountain
33.3%
Jane Eyre
25%
Half of a Yellow Sun
25%
The Beautyful Ones Are Not Yet Born
25%
The Name of the Rose
25%
1984
25%
Slaughterhouse Five
25%
A Confederacy of Dunces
16.7%
Fahrenheit 451
16.7%
Dead Souls
16.7%
% Correct
The Tin Drum
16.7%
Moby Dick
16.7%
Don Quixote
16.7%
Lolita
16.7%
Arrowsmith
8.3%
Omeros
8.3%
Ivanhoe
8.3%
Ethan Frome
8.3%
Rabbit, Run
8.3%
Heart of Darkness
8.3%
All Quiet on the Western Front
8.3%
Little Women
8.3%
The Scarlet Letter
8.3%
Extremely Loud and Incredibly Close
0%
To Kill a Mockingbird
0%
Remove Ads.
Support Sporcle.
Get the best of Sporcle when you Go Orange. This ad-free experience offers more features, more stats, and more fun while also helping to support Sporcle. Thank you for becoming a member.

You're not logged in!

Compare scores with friends on all Sporcle quizzes.
OR
Log In

Sporcle TV

Today on Sporcle TV


Watch our educational content, quiz creation guides, and fun videos on Sporcle TV.

Show Comments

Extras

Created May 18, 2020ReportNominate
Tags:Novel Quiz

Top Quizzes Today


Score Distribution

Paid Content

Your Account Isn't Verified!

In order to create a playlist on Sporcle, you need to verify the email address you used during registration. Go to your Sporcle Settings to finish the process.

Report this User

Report this user for behavior that violates our Community Guidelines.

Details: